Why women don't have wives : professional success and motherhood

Αποθηκεύτηκε σε:
Λεπτομέρειες βιβλιογραφικής εγγραφής
Κύριος συγγραφέας: Apter, T. E.
Μορφή: Βιβλίο
Γλώσσα:English
Δημοσίευση: Basingstoke, Hampshire : Macmillan, 1985
Θέματα:
Ετικέτες: Προσθήκη ετικέτας
Δεν υπάρχουν, Καταχωρήστε ετικέτα πρώτοι!

MARC

LEADER 00000nam a2200000 i 4500
001 1/31366
008 940927s1985 eng d
020 |a 0333354516 ((pbk.)) 
035 |l 10023567 
040 |a GR-MY-UA  |b gre  |e aacr 
041 0 |a eng 
082 0 |a 305.43 
100 1 |a Apter, T. E. 
245 1 0 |a Why women don't have wives :  |b professional success and motherhood /  |c Terri Apter 
260 |a Basingstoke, Hampshire :   |b Macmillan,   |c 1985 
300 |a xi, 194 p.;  |c 23 cm 
500 |a Includes index 
504 |a Bibliography: p. 189-192 
650 0 0 |a Mothers  |x Psychology. 
650 0 0 |a Mothers  |x Employment  |z United States. 
650 0 0 |a Mother and child. 
852 |a INST  |b CHIOS  |e 19940927  |h 305.43 APT  |p 005200006287  |q 005200006287  |t BK  |y 0 
909 |a Χ  |b 001697